| 000 | 00000nam 2200000za 4500 |
| 001 | 9.574543 |
| 003 | CaOODSP |
| 005 | 20221107134035 |
| 007 | cr ||||||||||| |
| 008 | 150406s2002 onc|||||o f|0| 0 eng d |
| 040 | |aCaOODSP|beng |
| 043 | |an-cn--- |
| 086 | 1 |aCP32-78/2-2002E-PDF |
| 245 | 00|aGlobalization and Canada's healthcare system |h[electronic resource]. |
| 260 | |aOttawa : |bCommission on the Future of Health Care in Canada, |c2002. |
| 300 | |a16 p. |
| 490 | 1 |aIssue/survey paper |
| 500 | |a"July 2002." |
| 520 | |aOne of nine issue/survey papers designed to inform Canadians and give them a chance to express their views on a healthcare issue, this paper discusses eventual impacts of free trade. Alternatives considered include: the federal government continuing to protect public healthcare in future trade agreements; provincial governments agreeing to pay for services chosen abroad; and the federal government allowing more access for healthcare professionals entering the country. Each paper includes a survey soliciting readers’ views. |
| 590 | |a12-32-Supp|b2012-07-11 |
| 690 | 07|aGlobalization|2gcpds |
| 690 | 07|aHealth care system|2gcpds |
| 710 | 1 |aCanada. |bPrivy Council Office. |
| 710 | 1 |aCommission on the Future of Health Care in Canada. |
| 710 | 2 |aCanadian Health Services Research Foundation. |
| 775 | 08|tLa mondialisation et les soins de santé au Canada |w(CaOODSP)9.604287 |
| 776 | 0#|tGlobalization and Canada's healthcare system / |w(CaOODSP)9.616059 |
| 830 | #0|aIssue/survey paper.|w(CaOODSP)9.507043 |
| 856 | 40|ahttp://publications.gc.ca|qPDF|s236 KB|uhttps://publications.gc.ca/collections/Collection/CP32-78-2-2002E.pdf |